Max Huber / (Record no. 352923)
[ view plain ]
| 000 -LEADER | |
|---|---|
| fixed length control field | 00924 a2200277 4500 |
| 003 - CONTROL NUMBER IDENTIFIER | |
| control field | OSt |
| 005 - DATE AND TIME OF LATEST TRANSACTION | |
| control field | 20180116192351.0 |
| 008 - FIXED-LENGTH DATA ELEMENTS--GENERAL INFORMATION | |
| fixed length control field | 120605t xxu||||| |||| 00| 0 eng d |
| 010 ## - LIBRARY OF CONGRESS CONTROL NUMBER | |
| LC control number | 2006283825 |
| 020 ## - INTERNATIONAL STANDARD BOOK NUMBER | |
| International Standard Book Number | 0714845477 (hbk.) |
| 020 ## - INTERNATIONAL STANDARD BOOK NUMBER | |
| International Standard Book Number | 9780714845470 |
| 035 ## - SYSTEM CONTROL NUMBER | |
| System control number | (OCoLC)ocm62133056 |
| 040 ## - CATALOGING SOURCE | |
| Transcribing agency | 0 |
| 082 04 - DEWEY DECIMAL CLASSIFICATION NUMBER | |
| Classification number | 745.4092 |
| 100 1# - MAIN ENTRY--PERSONAL NAME | |
| Personal name | Moos, Stanislaus von. |
| 9 (RLIN) | 3867 |
| 245 10 - TITLE STATEMENT | |
| Title | Max Huber / |
| Statement of responsibility, etc. | Stanislaus von Moos, Mara Campana, Giampiero Bosoni. |
| 260 ## - PUBLICATION, DISTRIBUTION, ETC. | |
| Place of publication, distribution, etc. | London : |
| -- | New York : |
| Name of publisher, distributor, etc. | Phaidon, |
| Date of publication, distribution, etc. | 2006. |
| 300 ## - PHYSICAL DESCRIPTION | |
| Extent | 232 p. : |
| Other physical details | ill. (chiefly col.) ; |
| Dimensions | 30 cm. |
| 600 10 - SUBJECT ADDED ENTRY--PERSONAL NAME | |
| Personal name | Huber, Max, |
| Dates associated with a name | 1919- |
| General subdivision | Criticism and interpretation. |
| 9 (RLIN) | 3868 |
| 650 10 - SUBJECT ADDED ENTRY--TOPICAL TERM | |
| Topical term or geographic name entry element | Investments. |
| General subdivision | Architecture |
| 9 (RLIN) | 3869 |
| 650 10 - SUBJECT ADDED ENTRY--TOPICAL TERM | |
| Topical term or geographic name entry element | Textile industry . |
| 9 (RLIN) | 3870 |
| 700 1# - ADDED ENTRY--PERSONAL NAME | |
| Personal name | Campana, Mara. |
| 9 (RLIN) | 3871 |
| 700 1# - ADDED ENTRY--PERSONAL NAME | |
| Personal name | Bosoni, Giampiero. |
| 9 (RLIN) | 3872 |
| 942 ## - ADDED ENTRY ELEMENTS (KOHA) | |
| Institution code [OBSOLETE] | SADA |
| Koha item type | Book |
| Call number prefix | 745.4092 MOO 2006 |
| Source of classification or shelving scheme | |
| Withdrawn status | Lost status | Source of classification or shelving scheme | Damaged status | Not for loan | Permanent Location | Current Location | Date acquired | Total Checkouts | Full call number | Barcode | Date last seen | Date last checked out | Cost, replacement price | Price effective from | Koha item type |
|---|---|---|---|---|---|---|---|---|---|---|---|---|---|---|---|
| School of Art Design and Architecture (SADA) | School of Art Design and Architecture (SADA) | 05/23/2011 | 1 | 745.4092 MOO 2006 | SADA0001093 | 12/26/2011 | 12/12/2011 | 4918.00 | 08/05/2011 | Book |
